Énigme One Piece 🔥🔥🔥 - Statistiques

Statistiques générales
  • Ce quiz a Ă©tĂ© pris 320 fois
  • Le rĂ©sultat moyen est 72 sur 200
Statistiques - réponses
N Indice Réponse % Correct
1 Animal de compagnie adopté par l'équipage du Rumbar Laboon
87%
4 Père d'une Arme Antique Neptune
79%
3 Charpentier du bateau de 37 Tom
77%
2 Frère de 128 Corazon
74%
37 Fortune, gloire et pouvoir, cet homme avait amassé toutes les richesses du monde Roger
69%
101 Petit fils de 116 Luffy
67%
128 A tué 2 de sang froid Doflamingo
65%
116 11 l'a empêché de tuer 168 après la mort de 145 Garp
65%
91 " Il ne s'est rien passé du tout " Zoro
65%
89 Première prime à 10 berry Chopper
64%
11 A recueilli 2 et l'a envoyé en mission d'infiltration Sengoku
62%
145 Il est mort pour sauver 101 Ace
61%
126 A rejoint l'équipage de 101 pour récupérer son slip Franky
61%
16 A fait parti de l'équipage de 123 puis de 37 Oden
61%
6 Ananas sur pattes Marco
60%
105 Mère de 62 et d'autres Big Mom
58%
57 Soignée par 144 Nami
58%
149 Soit disant à la tête d'un équipage de 8 000 hommes Usopp
57%
123 Pirate de l'ancienne génération qui possède une grande famille Barbe Blanche
56%
168 A transpercé 145 Akainu
55%
103 On l'a connaît sous tout ses âges Bonney
55%
117 A réussi à volé une copie du Road Poneglyph de 105 Brook
55%
8 Père de 103 Kuma
55%
10 Mentor de 89 Hiluluk
54%
39 Fils Ă  papa ayant rejoint la Marine Hermep
53%
120 Premier homme poisson a donner son sang a un humain Jinbe
53%
35 Est allé sur la Lune Enel
52%
119 Professeur de Haki de 101 pendant 2 ans Rayleigh
51%
77 Passionné de sabre qui voit rien sans ses lunettes Tashigi
51%
169 Petit gosse pleurnichard pas à la hauteur de son père 16 Momonosuke
50%
53 A porté son bébé 20 mois et en est morte Rouge
50%
75 Roi du royaume du Germa Judge
49%
55 A volé l'ombre de 117 Moria
49%
24 Veut adopter le dragon dessiné par 33 Robin
49%
155 A pourri la vie de 197 Ă  cause de son premier avis de recherche Sanji
49%
9 A quitté la Marine pour s'occuper de 57 et 151 Belmer
48%
144 S'occupe de 89 Ă  la mort de 10 Kureha
48%
26 2 l'a guéri de sa maladie Law
48%
74 Entraîneur de 91 Mihawk
48%
146 145 est mort sans savoir qu'il était vivant Sabo
48%
135 S'est sacrifié pour 101 deux fois Bonclay
47%
165 Raide dingue de Luffy Hancock
47%
134 A un secret que seule 95 connaît Crocodile
46%
33 Eternel acteur Kanjuro
46%
51 A bouffé sa jambe pour 155 ( dans le manga ) Zeff
46%
131 Sirène de sabaody, amie des mugiwara Camie
45%
76 A confié son fils à 116 Dragon
45%
95 A permis à 8 d'obtenir son fruit du démon Ivankov
45%
138 Fait parti de l'escadron des super canards Kaloo
45%
148 " petite " amie de 149 Kaya
45%
164 Appelé a Sabaody après l'attaque du Dragon Céleste Kizaru
45%
12 Commandant de division de 123 et frère de 50 Izo
44%
151 Sœur de 57 Nojiko
44%
132 Fille de 4 Shirahoshi
44%
118 Vit dans le ventre de 1 Crocus
43%
124 Marine qui en a rien a faire de son fils Morgan
43%
147 A été trouvé dans un coffre et adopté par 37 Shanks
43%
136 Partenaire de Mr.9 Vivi
43%
111 Disciple de geni de 3 Icebarg
42%
14 Vit sur un éléphant et serviteur de 16 Inuarashi
42%
68 Deuxième fils de 75 Niji
42%
32 A fait perdre Ă  161 un bras dans une attaque suicide Pedro
42%
115 A apris Ă  24 Ă  rire Sauro
42%
18 Explosé en un coup par 101 Bellamy
41%
23 116 lui a confié 145 et 101 Dadan
41%
197 Devient " beau " grâce à 155 Duval
41%
59 Ancienne esclave qui a rejoint les troupes de 76 Koala
41%
48 Voulait épouser 104 Laura
41%
104 Voulait épouser 57 Absalom
40%
44 Fait du chantage Ă  57 Arlong
40%
62 Sœur jumelle de 48 Chiffon
40%
182 Est coincé dans un coffre Gaimon
40%
15 A donner le sabre de 16 Ă  91 Hiyori
40%
129 C'est un kappa Kawamatsu
40%
183 S'est fait passer pour le majordome de 148 Kuro
40%
184 101 l'a vengé en explosant le Dragon Celeste qui lui a tiré dessus Octo
40%
113 Ingénieur naval toujours poursuivi par des créanciers Pauly
40%
82 Princesse caché et petite fille de 160 Rebecca
40%
108 Troisième frère de 107 Yonji
40%
160 Roi de Dressrosa Riku
39%
98 Geni incompris au service de 128 Caesar
38%
157 Commandant de trèfle Trebol
38%
50 Fourreaux rouges et soeur de 12 Kikunojo
37%
133 Dernière reine de Ryugu Otohime
37%
172 14 ème fille de 105 et ministre des jus Smoothie
37%
36 Se prend pour le père de 169 Yamato
37%
107 Grand frère de 68 Ichiji
36%
167 Secrétaire de 98 coupé en 2 par 91 Monet
36%
19 Soeur de 108 Reiju
36%
170 Créature mytique ne pouvant être entendu que par certaines personnes comme 169 ou 37 Zunesh
36%
186 Se fait victime par 134 et 74 après la fin des shichibukai Baggy
35%
121 Révolutionnaire qui a le pouvoir de rendre les gens plus fort Belo Betty
35%
40 S'est fait casser sa protubérance crânienne par 101 Chinjao
35%
137 On dit de lui qu'il a été assassiné par 146 Cobra
35%
69 A libéré 145 Galdino
35%
27 Premier pirate Ă  descendre du Moby Dick Ă  Marine Ford Joz
35%
143 S'est infligé une blessure lors d'un combat par soucis d'équité Katakuri
35%
153 Sosie de 77 Kuina
35%
140 A trahi 113 et 111 Lucci
35%
90 Premier homme a tuer dans one piece Lucky Roo
35%
34 Animal marin de compagnie traumatisé par 101 Meuh Meuh
35%
30 Taupe, au service de 128, dans la Marine Vergo
35%
114 Mère de 24 Olvia
34%
96 C'est fait défiguré par 126 Spandam
34%
106 Père de 81 et mari de 62 Capone Bege
33%
25 A suivi 134 en prison Daz Bones
33%
80 Fait parti de la Don Quichotte Family, même espèce que 99 Dellinger
33%
56 Comme 44 mais drogué Hody Jones
33%
195 Scientifique au service de 55 Hogback
33%
171 Premier homme à être considéré comme pirate d'après 60 Joy Boy
33%
199 Albert King
33%
102 Colocataire de 74 Perona
33%
161 A tué 32 Perospero
33%
84 Peut voyager dans le futur Toki
33%
47 Stalker de 132 Vander Decken
33%
100 C'est battu contre 74 Ă  Marine Ford, commandant de 123 Vista
33%
94 A rendu sa liberté à 59 Fisher Tiger
32%
13 Combattant du Colisée de la même espèce que 73 Hajrudin
32%
72 Roi de la mode et ami de 131 Pappag
32%
110 Mink qui a volé les vêtements de 57 Wanda
32%
49 Veut venger 32 Carrot
31%
7 A veillé sur 15 en attendant ses camarades Denjiro
31%
21 Aimerait voir 101 de ses propres yeux Fujitora
31%
46 Pégase rose, monture de 142 Pierre
31%
41 Neveu de 164 Sentomaru
31%
28 Ancienne pirate qui ne fait pas son âge Shakuyaku
31%
60 Idol de 126 Vegapunk
31%
78 A respecté la dernière volonté de 115 Aokiji
30%
109 Fait parti de l'équipage de 26 et de la tribu de 110 Bepo
30%
97 Mentor de 149 pendant l'éllipse Héraclès
30%
52 Père de 36 Kaido
30%
166 Guerrière kuja au grand coeur Margaret
30%
142 Prédécesseur de 35 Gan Forr
29%
152 Figure paternelle de 152 et 57 Genzo
29%
185 Trahi par 33, son compagnon Kinemon
29%
45 A peut être eu un gosse avec 147 (théorie) Makino
29%
87 Roi d'une tribu avec 14 Nekomamushi
29%
29 Dévasté par la mort de 16 et ne veut plus faire parti de son équipe Ashura
28%
22 Femme de 85 Baby5
28%
43 Sirène qui a fait pleurer 91 pour la troisième fois Kokoro
28%
31 Ami d'enfance de 136 Koza
28%
130 Congénère de 32, fait parti de l'équipage de 105 Pekoms
28%
85 Petit fils de 40 Sai
28%
66 A poignardé 123 Squardo
28%
187 Commande la garde royale d'Alabasta en l'absence de 70 Chaka
27%
5 Mentor de 57 pendant l'éllipse Haredas
27%
71 Il trouva 101 et 135 au niveau 5 d'Impel Down Inazuma
27%
159 Originaire de l'île de 128, il a rejoint la flotte de 101 Leo
27%
181 Femme oursin, partenaire de 25 Zala
27%
196 Idole de 195 et lance des assiettes Cindry
26%
192 Prelat Ă  qui il faut tout expliquer Gedatsu
26%
189 Meilleur ami de 139 un menteur Kalgara
26%
42 Avec 122 et d'autre, il a infiltré Marie Joie pour libérer 8 Karasu
26%
122 Révolutionnaire qui c'est échappé d'Impel Dow il y a 100 ans grace a son pouvoir Morley
26%
73 Maîtres de 149 ( plusieurs noms) Broggy, Dorry
25%
65 Nombril ! Conis
25%
79 Deux filles à la coupe extravagante aux côtés de 126 ( plusieurs noms) Mozu, kiwi
25%
154 Amis chasseurs de primes de 91 ( plusieurs noms) Yosaku, Johnny
25%
63 Gendre homme poisson de 105 Aladdin
24%
127 S'est battu contre 36 et 169 Ă  la fin de Wano Aramaki
24%
125 A offert des boulettes de riz a 91 Rika
24%
162 Sauvé par 91 à la demande de 101 à Alabasta Smoker
24%
141 Descendant de 189 Wiper
24%
99 Même espèce que 120, commandant de division de 123 Namur
23%
200 FUNNNNNNK!!!!!!!!!!!!! Queen
23%
93 Capitaine des Rumbars Pirates Yorki
23%
88 Frère de 132 Fukaboshi
22%
70 A une coiffure plutĂ´t explosive, ancien membre du Baroque Works Igaram
22%
156 Autant bagarreur que cuisinier Patty
22%
112 Petite fille de 43 Chimney
21%
176 Chameau pervert Longs-cils
21%
64 A volé 57 à Kokoyashi Nezumi
21%
67 126 lui apprit Ă  nager le crawl Yokozuna
21%
158 Acolyte de 22 Buffalo
20%
179 Petite amie de 159 Manshelly
20%
180 Partenaire de 69, à refondé le Baroque Works Mariane
20%
173 Est allé chercher 165 pour la bataille de Marine Ford Momonga
20%
150 Bras droit de 44 Smack
20%
163 Épée de 96 Funkfreed
19%
17 Mink chat aux côtés de 76 Lindbergh
19%
86 A reçu un chapeau de la part de 145 Oz Junior
19%
188 136 le considère comme son grand frère Pell
19%
81 Petit fils de 105 Pez
19%
92 Travail au Baratie avec 156 Carne
18%
193 Avec 113, un des seuls à ne pas être un traître a Valley La Company Lulu
18%
38 Monture de 101 au Colisée Fighting Bull
17%
174 Animal de compagnie qui a remplacé brièvement 186 Richie
17%
194 Ancien bras droit de 126 Zambai
17%
54 Animal de compagnie de 111 Tyrannosaurus
16%
178 Homme poison Magellan
15%
139 A tué les deux prédécesseurs de 190 Mont Blanc Norland
15%
61 Tué par 140 à cause de son incompétence face à 126 Nero
15%
58 Membres des Forces Spéciales Simiesques avec le descendant de 139 ( plusieurs noms) Shojo, Masira
15%
175 Animal de compagnie de 112 Gonbe
13%
191 Petit toutou de 18 Sarquiss
12%
177 Remplaçant de 178 Hannyabal
11%
198 La prédécesseur de 28 Gloriosa
10%
190 Est allée sur l'île céleste avec 189 Nola
10%
83 Jeune esclave amie de 24 Soran
4%
20 Équipage de 149 ( plusieurs noms ) Oinion, Piment, Carotte
3%
Aucun quiz correspondant
Distribution des résultats
% des personnes avec chaque résultat
Percentile par nombre de réponses
Votre historique - résultats
Vous n’avez pas pris ce quiz